[Event "GM"]
[Site "Biel SUI"]
[Date "2007.07.23"]
[Round "1"]
[White "Pelletier, Y."]
[Black "Avrukh, B."]
[Result "1/2-1/2"]
[WhiteElo "2591"]
[BlackElo "2645"]
[PlyCount "52"]
[EventDate "2007.07.23"]

1. d4 Nf6 2. Nf3 g6 3. c4 Bg7 4. Nc3 d5 5. e3 O-O 6. cxd5 Nxd5 7. Bc4 Nb6 8.
Bb3 c5 9. O-O cxd4 10. exd4 Bg4 11. d5 N8d7 12. h3 Bxf3 13. Qxf3 Rc8 14. Bg5
Ne5 15. Qe2 Re8 16. Rac1 Qd7 17. Rfe1 h6 18. Bh4 Nec4 19. Na4 Nxa4 20. Rxc4 Nc5
21. Bxe7 Nxb3 22. axb3 Qxd5 23. Rd1 Qb5 24. Qc2 Rxc4 25. bxc4 Qe5 26. Ba3 h5
1/2-1/2

[Event "GM"]
[Site "Biel SUI"]
[Date "2007.07.24"]
[Round "2"]
[White "Avrukh, B."]
[Black "Van Wely, L."]
[Result "1/2-1/2"]
[WhiteElo "2645"]
[BlackElo "2680"]
[PlyCount "52"]
[EventDate "2007.07.23"]

1. d4 d5 2. c4 c6 3. Nf3 Nf6 4. e3 Bg4 5. Nc3 e6 6. h3 Bxf3 7. Qxf3 Nbd7 8. Bd2
Bd6 9. cxd5 exd5 10. Bd3 Qe7 11. g4 Bb4 12. a3 Bxc3 13. Bxc3 a5 14. Qf4 O-O 15.
f3 Rfe8 16. Kf2 Nf8 17. Rhe1 Ne6 18. Qg3 b5 19. Bd2 Qa7 20. Rad1 Qb6 21. Kg2 c5
22. dxc5 Nxc5 23. Bc3 Nxd3 24. Rxd3 b4 25. axb4 axb4 26. Bd4 Qa6 1/2-1/2

[Event "GM"]
[Site "Biel SUI"]
[Date "2007.07.28"]
[Round "5"]
[White "Van Wely, L."]
[Black "Grischuk, A."]
[Result "1/2-1/2"]
[WhiteElo "2680"]
[BlackElo "2726"]
[PlyCount "76"]
[EventDate "2007.07.23"]

1. d4 Nf6 2. c4 e6 3. Nc3 Bb4 4. Qc2 O-O 5. a3 Bxc3+ 6. Qxc3 b6 7. Bg5 Bb7 8.
f3 h6 9. Bh4 d5 10. cxd5 exd5 11. e3 Re8 12. Bb5 c6 13. Ba4 Ne4 14. Bxd8 Nxc3
15. bxc3 Rxd8 16. Ne2 Ba6 17. Nf4 Bc4 18. g4 b5 19. Bc2 Nd7 20. h4 g6 21. Kf2
Kg7 22. e4 dxe4 23. fxe4 c5 24. Ke3 Rac8 25. g5 a5 26. Rhg1 h5 27. Rgd1 cxd4+
28. cxd4 Nb6 29. Rdc1 b4 30. axb4 axb4 31. Rab1 Ba2 32. Rxb4 Nc4+ 33. Ke2 Rxd4
34. Bd3 Ne5 35. Rxc8 Rxb4 36. Ke3 Bc4 37. Bc2 Bb3 38. Bd3 Bc4 1/2-1/2

[Event "GM"]
[Site "Biel SUI"]
[Date "2007.07.29"]
[Round "6"]
[White "Radjabov, T."]
[Black "Avrukh, B."]
[Result "1-0"]
[WhiteElo "2746"]
[BlackElo "2645"]
[PlyCount "79"]
[EventDate "2007.07.23"]

1. e4 c5 2. Nf3 e6 3. d4 cxd4 4. Nxd4 a6 5. Be2 Qc7 6. O-O Nf6 7. Nc3 Nc6 8.
Be3 Be7 9. f4 d6 10. Kh1 O-O 11. a4 Rb8 12. Qe1 Bd7 13. Qg3 Kh8 14. a5 Nb4 15.
Bg1 e5 16. fxe5 dxe5 17. Nf3 Rbe8 18. Bb6 Qb8 19. Bd3 Bd6 20. Bc4 h6 21. Nh4
Nh5 22. Qf2 Nf4 23. g3 Be6 24. gxf4 Bxc4 25. Rg1 Be7 26. Nf5 Bf6 27. Bc5 Nc6
28. Ne3 Be6 29. f5 Bd7 30. Ncd5 Bg5 31. Bxf8 Rxf8 32. f6 g6 33. Rad1 Be6 34.
Nc4 Rd8 35. c3 Kh7 36. Nce3 Bf4 37. Ng2 g5 38. Qf3 Qc8 39. Ngxf4 exf4 40. Rxg5
1-0